<?xml version="1.0" encoding="UTF-8"?><?xml-stylesheet type="text/xsl" href="static/style.xsl"?><OAI-PMH xmlns="http://www.openarchives.org/OAI/2.0/" xmlns:xsi="http://www.w3.org/2001/XMLSchema-instance" xsi:schemaLocation="http://www.openarchives.org/OAI/2.0/ http://www.openarchives.org/OAI/2.0/OAI-PMH.xsd"><responseDate>2026-04-13T18:28:37Z</responseDate><request verb="GetRecord" identifier="oai:www.recercat.cat:2445/172231" metadataPrefix="marc">https://recercat.cat/oai/request</request><GetRecord><record><header><identifier>oai:recercat.cat:2445/172231</identifier><datestamp>2025-12-05T09:34:11Z</datestamp><setSpec>com_2072_1057</setSpec><setSpec>col_2072_478799</setSpec><setSpec>col_2072_478917</setSpec></header><metadata><record xmlns="http://www.loc.gov/MARC21/slim" xmlns:dcterms="http://purl.org/dc/terms/" xmlns:xsi="http://www.w3.org/2001/XMLSchema-instance" xmlns:doc="http://www.lyncode.com/xoai" xsi:schemaLocation="http://www.loc.gov/MARC21/slim http://www.loc.gov/standards/marcxml/schema/MARC21slim.xsd">
   <leader>00925njm 22002777a 4500</leader>
   <datafield ind2=" " ind1=" " tag="042">
      <subfield code="a">dc</subfield>
   </datafield>
   <datafield ind2=" " ind1=" " tag="720">
      <subfield code="a">Carreras Barnés, Josep, 1943-2014</subfield>
      <subfield code="e">author</subfield>
   </datafield>
   <datafield ind2=" " ind1=" " tag="260">
      <subfield code="c">2020-11-20T11:00:26Z</subfield>
   </datafield>
   <datafield ind2=" " ind1=" " tag="260">
      <subfield code="c">2020-11-20T11:00:26Z</subfield>
   </datafield>
   <datafield ind2=" " ind1=" " tag="260">
      <subfield code="c">2009</subfield>
   </datafield>
   <datafield ind2=" " ind1=" " tag="520">
      <subfield code="a">Después de ganar el Partido Socialista las elecciones generales de marzo de 2004, el nuevo Gobierno surgido de éstas inició un proceso de modificación de la Ley Orgáni-ca de Universidades (LOU) promulgada el año 2002 por el gobierno del Partido Popular, dirigido a potenciar la autonomía de las universidades. En este artículo se explica el desarrollo del proceso de tramitación parlamentaria de la nueva ley (Ley Orgánica de modificación de la LOU) hasta su promulgación en abril de 2007; se comentan las modifi-caciones introducidas en el articulado referente al profesorado universitario funcionario y se analiza la subsiguiente normativa de desarrollo reglamentario. La nueva legislación redujo a dos los cuerpos de funcionarios docentes universitarios: el cuerpo de catedráticos de universidad y el cuerpo de profesores titulares de universidad. Para am-bos, el procedimiento de incorporación del profesorado se estructuró en dos fases: una fase de acreditación nacional y una fase de concurso para el acceso a plazas concretas convocadas por las universidades. El proceso de acredita-ción nacional tendría por finalidad valorar los méritos y las competencias de los aspirantes para garantizar la calidad del profesorado funcionario. Se llevaría a cabo mediante el examen de la documentación presentada por los solicitantes, por comisiones específicas designadas por el Consejo de Universidades. El procedimiento de los concursos para el acceso a plazas de los cuerpos docentes lo regularían los estatutos de cada universidad, siguiendo unas condiciones mínimas establecidas por la nueva Ley.</subfield>
   </datafield>
   <datafield tag="653" ind2=" " ind1=" ">
      <subfield code="a">Legislació educativa</subfield>
   </datafield>
   <datafield tag="653" ind2=" " ind1=" ">
      <subfield code="a">Professors universitaris</subfield>
   </datafield>
   <datafield tag="653" ind2=" " ind1=" ">
      <subfield code="a">Funcionaris</subfield>
   </datafield>
   <datafield tag="653" ind2=" " ind1=" ">
      <subfield code="a">Selecció de personal</subfield>
   </datafield>
   <datafield tag="653" ind2=" " ind1=" ">
      <subfield code="a">Educational law and legislation</subfield>
   </datafield>
   <datafield tag="653" ind2=" " ind1=" ">
      <subfield code="a">College teachers</subfield>
   </datafield>
   <datafield tag="653" ind2=" " ind1=" ">
      <subfield code="a">Public officers</subfield>
   </datafield>
   <datafield tag="653" ind2=" " ind1=" ">
      <subfield code="a">Employee selection</subfield>
   </datafield>
   <datafield ind2="0" ind1="0" tag="245">
      <subfield code="a">Evaluación de la calidad docente y promoción del profesorado (VI). Legislación universitaria española (d): modificación de la Ley Orgánica de Universidades. Profesorado funcionario: de la habilitación  a la acreditación (2004-2008) (1.ª parte)</subfield>
   </datafield>
</record></metadata></record></GetRecord></OAI-PMH>